| 000 | 00659nam a2200229Ia 4500 | ||
|---|---|---|---|
| 003 | OSt | ||
| 005 | 20221002051619.0 | ||
| 006 | a|||||r|||| 00| 0 | ||
| 007 | ta | ||
| 008 | 220930b |||||||| |||| 00| 0 eng d | ||
| 024 | _a31080 | ||
| 037 | _cReference Collections | ||
| 040 |
_aCRL _cCRL _beng |
||
| 041 |
_2eng _aeng |
||
| 082 | _a248.2rN75, L5(RR) | ||
| 245 | 0 |
_aINDIA OFFICE library and records _bReport for the year 1975. |
|
| 260 |
_aLondon _bForeign and Commonwealth Office _c1975 |
||
| 300 |
_a105p _ccm. |
||
| 650 | _aLIBRARY SCIENCE | ||
| 942 |
_h248.2rN75, L5(RR) _cref _2CC |
||
| 999 |
_c917289 _d917289 |
||